000 00872cab a2200253 4500
001 ABS57827
008 090401t1997 xxu||||| |||| 00| 0 eng d
035 _a(Sirsi) u81772
041 _aeng
100 _aBond, P.
245 3 _aAn odious study: the early history of valuation methods for rating - a paper from the conference Rent into Tone, held on 10 April 1997 at the University of Central England by the RICS Rating Diploma Holders` Section
260 _c1997
350 _a0
490 _aThe Impugner (RICS Rating Diploma Holders` Section)
_v2(3) October 1997, (10)
520 _aAn examination of the early history of valuation methods for rating.
650 _aHISTORY
650 _aRACK RENT
650 _aRATING
650 _aRENTAL VALUE
650 _aVALUATION METHODS
690 _aRATING AND VALUATION
942 _n0
948 _c29/10/1997
999 _c51557
_d51557